004950000a220008500045001000031000002450082000313000061001135200221001747730014003951 aMoltmann, Jürgen (1926-)10aResurrección de la naturaleza : Un capítulo de la Cristología cósmica aVol.318, núm.318 ( Noviembre, 2006), Páginas 735-744 aDesde el comienzo de la época moderna, la historicidad de la resurrección de Jesús se convirtió en el problema central de la teología, porque la "historia" pasó a ser el gran paradigma del mundo moderno.0 tConcilium